000 00414nam a22001337a 4500
040 _cNUST
082 _a200 THE
100 _aMuhammad Mudassar
_984364
110 _aSupervisor Dr. Muwahida Liaquat
_984365
245 _aTH-SOF-1882-Reduce Order Damping Controller Design for Interconnected Power System
260 _aISLAMABAD:
_bNUST COLLEGE OF EME,
_c2021.
650 _aMS-ELECT-17
_984366
942 _2ddc
_cTHE
999 _c586824
_d586824